Responses for show #2850 - Friday, January 10, 1997

Paul Gutowski game 1.

Contestants

Paul Gutowski, a substance abuse counselor from Rockford, Illinois

Victoria Esser, a homemaker and writer from Lansing, Michigan

Kim Mihalick, a bartender from Merrillville, Indiana (whose 2-day cash winnings total $12,100)

Jeopardy! Round responses

GENERAL SCIENCE
COSMETICS & PERFUME
HANNA-BARBERA DOGS
WORLD TRAVEL
AMERICAN HISTORY
"Y" NOT
    $100 1
Teeth

Kim
    $100 14
Elizabeth Taylor

Kim
    $100 4
Astro (aka "Tralfaz")

Kim
    $100 18
Stockholm

Kim
    $100 6
Boston Massacre

Victoria
    $100 19
Yang

Paul
    $200 2
Heart

Kim
    $200 15
Blush/Blusher

Victoria
    $200 5
Scooby-Doo

Paul
    $200 27
Cairo

Kim
    $200 9
Lincoln Memorial

Paul
    $200 20
Yukon

Kim
    $300 3
sulfuric acid

Triple Stumper
    $300 24
Caviar

Kim
    $300 7
Huckleberry Hound

Kim
    $300 28
Hermitage

Kim
    $300 10
(Victoria: What is the [*] decision?)

Dred Scott

Victoria
    $300 21
Yankees

Kim
    $400 8
Potassium

Paul
    $400 25
(A: Yeah, didn't that work out nice?!)
(V: Yes!)

Victoria's Secret

Victoria
    $400 12
Bandit

Kim
    $400 29
(V: What are the Bahamas?)

Bermuda

Victoria
Triple Stumper
    $400 11
(Kim: Who is Long?)
(Alex: Which one?)

Huey Long

Kim
    $400 22
Yalta

Victoria
    $500 13
Kinetic

Kim
    $500 26
Shalimar

Kim
    $500 17
Augie Doggie

Victoria
    $500 30
Thailand

Paul
    $500 16
Attica

Victoria
    $500 23
Yeoman

Kim

Scores at the first commercial break (after clue 15):

Kim Victoria Paul
$2,100 $600 $800

Scores at the end of the Jeopardy! Round:

Kim Victoria Paul
$4,500 $2,000 $1,400

Double Jeopardy! Round responses

1492
COMPOSERS
FOOD & DRINK
ENGLISH LITERATURE
RIVERS
JOHN WAYNE FILMS
    $200 1
Marco Polo

Kim
    $200 19
Johann Strauss

Kim
    $200 2
Punch

Triple Stumper
    $200 22
Robinson Crusoe

Kim
    $200 8
Potomac

Paul
    $200 14
"True Grit"

Victoria
    $400 4
(Paul: What is de' Medici?)
(Alex: Which one?)
(Paul: Cosimo.)
...
(Paul: Ended in "O"!)

Lorenzo de' Medici

Paul
Triple Stumper
    $100 21
(Alex: Feeling very confident, are we?)
...
(Kim: I have no idea.)

W.A. Mozart

Kim
    $400 3
Pigeon

Paul
    $400 23
"A Tale of Two Cities"

Paul
    $400 9
Seine

Paul
    $400 15
Davy Crockett

Paul
    $600 5
(V: What is Sardinia?)
(P: The other one.)

Corsica

VictoriaPaul
    $600 28
(P: Who is Ibsen?)

Edward Grieg

Paul
Triple Stumper
    $600 11
sake

Paul
    $600 24
"Gulliver's Travels"

Paul
    $600 10
Ganges

Kim
    $600 16
"The Green Berets"

Paul
    $800 6
Poland

Paul
    $800 29
Victor Herbert

Triple Stumper
    $800 13
Escoffier

Triple Stumper
    $800 25
"The Last Days of Pompeii"

Triple Stumper
    $800 12
Volga

Kim
    $800 17
"Stagecoach"

Kim
    $1000 7
Granada

Paul
    $1000 30
Edward Elgar

Paul
    $1000 20
Linzer Torte

Triple Stumper
    $1,000 26
(P: What is "A Room With a View?")
(A minute to go in the round....)

"Howards End"

Paul
    $1000 27
Tagus

Paul
    $1000 18
"The Quiet Man"

Paul

Scores at the end of the Double Jeopardy! Round:

Kim Victoria Paul
$7,200 $1,600 $8,400

[wagering suggestions for these scores]

Final Jeopardy! Round responses

EXPLORERS
[No penalty for spelling errors in FJ!]
VictoriaWho was Byrd?
$0
KimWho is Peary?
$4,000
PaulWho is Admundsen?
$6,001
Roald Amundsen

Final scores:

Kim Victoria Paul
$3,200 $1,600 $14,401
2nd place: Trip to Mexico City/Ixtapa 3rd place: Peoplelounger Chaise Lounger New champion: $14,401

Game dynamics:

Coryat scores:

Kim Victoria Paul
$7,300 $1,600 $9,400
22 R
(including 1 DD),
1 W
(including 1 DD)
8 R,
2 W
19 R,
3 W
(including 1 DD)

Combined Coryat: $18,300

The J! Archive is created by fans, for fans. The Jeopardy! game show and all elements thereof, including but not limited to copyright and trademark thereto, are the property of Jeopardy Productions, Inc. and are protected under law. This website is not affiliated with, sponsored by, or operated by Jeopardy Productions, Inc. Join the discussion at JBoard.tv.